L' univers des valeurs, univers de l'homme: recherches axiologiques

Saved in:
Bibliographic Details
Main Author: Moutsopoulos, Evanghélos (auteur)
Format: Book
Language:French
Published: Atenas Academy of Athens. Center for Research on Greek Philosophy 2005
Edition:1a. ed
Subjects:
Tags: Add Tag
No Tags, Be the first to tag this record!

MARC

LEADER 00000nam a2200000 a 4500
001 UCJ9019
003 CL-VaPUC
008 070302e20050000GR |||||||||||||||||fre|d
020 |a 9604040421 
082 0 4 |a 128  |b MOU  |2 21 
100 |a Moutsopoulos, Evanghélos  |e auteur  |9 518890 
245 1 3 |a L' univers des valeurs, univers de l'homme: recherches axiologiques 
250 |a 1a. ed 
300 |a 451 p 
942 |c BK 
945 |d 20070302 00:00:00  |a cmena 
260 |a Atenas  |b Academy of Athens. Center for Research on Greek Philosophy  |c 2005 
650 0 |a Antropología filosófica  |9 265842 
650 0 |a Ética  |9 255099 
650 0 |a Valores morales   |9 310604 
650 0 |a Escuelas filosóficas   |9 266232 
650 0 |a Axiología  |9 334895 
650 0 |a Naturaleza humana   |9 308593 
650 0 |a Teoría del conocimiento   |9 255038 
583 |a last modification  |c 20070302 00:00:00  |k Rodrigo Vera 
999 |c 324660  |d 324658 
952 |0 0  |1 0  |4 0  |6 128_000000000000000_MOU_2005  |7 0  |8 A  |9 404939  |a BIBEDU  |b BIBEDU  |d 2019-11-22  |i 4321456  |o 128 MOU 2005  |p 4321456  |r 2019-11-22  |w 2019-11-22  |y BK  |k FIL